All 10k+ cities in Nevada on a Map - Statistics

General Stats
  • This quiz has been taken 113 times
  • The average score is 7 of 10
Answers on the Map
Answers color-coded by a green-red scale on the quiz's map according to % correct below.
 
Answer Stats
City Population % Correct
Las Vegas 641,903
99%
Reno 264,165
97%
North Las Vegas 262,527
91%
Henderson 317,610
90%
Carson City 58,639
85%
Sparks 108,445
79%
Elko 20,564
75%
Boulder City 14,885
49%
Mesquite 20,471
44%
Fernley 22,895
37%
No matching quizzes found
Score Distribution
Percent of People with Each Score
Percentile by Number Answered
Your Score History
You have not taken this quiz